Neoliberalismo y subdesarrollo : (Registro nro. 5613)

Detalles MARC
000 -LEADER
fixed length control field 01079nam a2200277Ia 4500
003 - CONTROL NUMBER IDENTIFIER
control field OSt
005 - DATE AND TIME OF LATEST TRANSACTION
control field 20200718003534.0
008 - FIXED-LENGTH DATA ELEMENTS--GENERAL INFORMATION
fixed length control field 191128s1993 ck fr 000 0 spa d
020 ## - INTERNATIONAL STANDARD BOOK NUMBER
International Standard Book Number 958901271X
040 ## - CATALOGING SOURCE
Original cataloging agency CO-JMCR
Transcribing agency CO-JMCR
041 0# - LANGUAGE CODE
Language code of text/sound track or separate title spa
082 04 - DEWEY DECIMAL CLASSIFICATION NUMBER
Classification number 338.986 /
Item number B748n
Edition number 23
100 1# - MAIN ENTRY--PERSONAL NAME
Personal name Botero, Libardo,
Relator term autor
9 (RLIN) 7514
245 10 - TITLE STATEMENT
Title Neoliberalismo y subdesarrollo :
Remainder of title un análisis crítico de la apertura económica /
Statement of responsibility, etc. Libardo Botero, Jorge Child, Carlos Naranjo [y otros 2]
250 ## - EDITION STATEMENT
Edition statement Cuarta edición
260 ## - PUBLICATION, DISTRIBUTION, ETC.
Place of publication, distribution, etc. Bogotá :
Name of publisher, distributor, etc. El Áncora,
Date of publication, distribution, etc. 1993
300 ## - PHYSICAL DESCRIPTION
Extent 187 páginas ;
Dimensions 20 cm.
505 0# - FORMATTED CONTENTS NOTE
Formatted contents note Apertura económica y reforma laboral -- Apertura y privatización -- La apertura económica y el agro -- El modelo económico de la apertura -- Evaluación y perspectivas de la apertura
650 14 - SUBJECT ADDED ENTRY--TOPICAL TERM
Topical term or geographic name entry element Apertura económica
9 (RLIN) 2295
650 14 - SUBJECT ADDED ENTRY--TOPICAL TERM
Topical term or geographic name entry element Política económica
9 (RLIN) 7515
650 14 - SUBJECT ADDED ENTRY--TOPICAL TERM
Topical term or geographic name entry element Problemas sociales
9 (RLIN) 7516
650 14 - SUBJECT ADDED ENTRY--TOPICAL TERM
Topical term or geographic name entry element Privatización
9 (RLIN) 2272
700 1# - ADDED ENTRY--PERSONAL NAME
Personal name Child, Jorge,
Relator term autor
9 (RLIN) 2313
700 1# - ADDED ENTRY--PERSONAL NAME
Personal name Naranjo, Carlos,
Relator term autor
9 (RLIN) 7517
942 ## - ADDED ENTRY ELEMENTS (KOHA)
Source of classification or shelving scheme Dewey Decimal Classification
Koha item type Books
Existencias
Withdrawn status Lost status Source of classification or shelving scheme Damaged status Not for loan Collection code Home library Current library Date acquired Source of acquisition Full call number Barcode Date last seen Copy number Koha item type Public note
    Dewey Decimal Classification     Non-fiction Biblioteca Pública José María del Castillo y Rada Biblioteca Pública José María del Castillo y Rada 04/15/2018 Donación 338.986 / B748n 430002635 05/16/2024 Ej.1 Books Exlibris: algunas páginas rayadas